Countries that Visit Denmark the Most - Statistics

General Stats
  • This quiz has been taken 165 times
    141 since last reset
  • The average score is 10 of 11
Answer Stats
# Country % Correct
14.801.477 Germany
99%
2.528.860 Norway
99%
1.816.193 Sweden
99%
1.238.709 The Netherlands
95%
898.832 United Kingdom
95%
229.121 Spain
94%
631.564 United States
94%
244.648 France
92%
341.739 Italy
89%
221.467 China
84%
231.112 Switzerland
64%
No matching quizzes found
Score Distribution
Percent of People with Each Score
Percentile by Number Answered
Your Score History
You have not taken this quiz since the last reset